00508nam a2200181 a 4500001001300000003000900013005001700022008004100039020002200080082001600102100001600118245006200134260004100196300000900237500003500246650002900281700001600310nice12345678IN_TiNIC20260116015048.0130520s2002 ahma grp 000 0 eng  a817229008X c3000a923.2bGAN2 aGandhi, M K aAn Autobiographyb The Story of My Experiments With Truth aAhmedabadbNavjivan Pub.House c2002 a464p aincludes index and biblioraphy aGandhi M K-Autobiography1 aGandhi, M K